C++ from the beginning
| Main Author: | Skansholm, Jan, 1949- |
|---|---|
| Published: |
Harlow, England:
Pearson Education,
2002.
|
| Series: |
International computer science series
|
| Subjects: |
| LEADER | 00569cam a2200157 7i4500 | ||
|---|---|---|---|
| 001 | 0000003597 | ||
| 005 | 20170218090000.0 | ||
| 020 | |a 0201721686 (alk. paper) | ||
| 100 | 1 | |a Skansholm, Jan, |c 1949- | |
| 245 | 1 | 0 | |a C++ from the beginning |c Jan Skansholm. |
| 260 | |a Harlow, England: |b Pearson Education, |c 2002. | ||
| 300 | |a xiv, 6320 p.; |c 24 cm. | ||
| 440 | 0 | 0 | |a International computer science series |
| 504 | |a Includes bibliographical references and index | ||
| 650 | 0 | 0 | |a C++ (Computer program language) |
| 997 | |a Communication, Visual Art & Computing, Faculty |b Computing, Department | ||


